000 00737nam a2200253Ia 4500
003 OSt
005 20220912152015.0
006 a|||||r|||| 00| 0
007 ta
008 220909b |||||||| |||| 00| 0 eng d
024 _a62170
037 _cTextual
040 _aCSL
_beng
_cCSL
041 _aeng
082 _aH413.p1:N63, K4 CS
100 _aJudd William R Ed.
111 _aInternational conference on state of stress in the earth's crust (1963 : California)
245 0 _aProceeding on state of stress in the earth crust
260 _c1964
300 _ap.
_ccm.
650 _aGeology
942 _hH413.p1:N63, K4 CS
_cTEXL
_2CC
999 _c79038
_d79038